000 007010000a22002050004500
090 _aAR
_b00373
245 1 0 _aMarine mammal mortality assessment in the Caribbean and the newly established caribbean stranding network
650 1 4 _aMamíferos acuáticos
_993274
650 1 4 _aMortalidad
_99773
650 1 4 _aHabitat animal
_993094
650 1 4 _aConservación de especies
_992692
653 _gTrichechus
_eTrichechus manatus
_vManati
041 0 _aEspañol
700 1 _aMontoya Ospina, Ruby A.
_993299
700 1 _aPinto Rodríguez, Benito
_993300
700 1 _aWilliams, Ernest H.
_993301
100 1 _aMignucci Giannoni, Antonio A.
_993302
942 _cARTICULO
773 1 _tPreprint
_33
_q1-4
_d1991
999 _c9471
_d9471